Mobile, wireless, and sensor networks : (Record no. 179745)

000 -LEADER
fixed length control field 01377 a2200289 4500
003 - CONTROL NUMBER IDENTIFIER
control field Nust
005 - DATE AND TIME OF LATEST TRANSACTION
control field 20220816192246.0
010 ## - LIBRARY OF CONGRESS CONTROL NUMBER
LC control number 2005010792
020 ## - INTERNATIONAL STANDARD BOOK NUMBER
International Standard Book Number 0471718165 (cloth : alk. paper)
020 ## - INTERNATIONAL STANDARD BOOK NUMBER
International Standard Book Number 9780471718161 (cloth : alk. paper)
035 ## - SYSTEM CONTROL NUMBER
System control number (OCoLC)ocm59147736
040 ## - CATALOGING SOURCE
Transcribing agency Nust
082 00 - DEWEY DECIMAL CLASSIFICATION NUMBER
Classification number 621.3821,MOB
245 00 - TITLE STATEMENT
Title Mobile, wireless, and sensor networks :
Remainder of title technology, applications, and future directions /
Statement of responsibility, etc. edited by Rajeev Shorey ... [et al.].
260 ## - PUBLICATION, DISTRIBUTION, ETC.
Place of publication, distribution, etc. [Piscataway] :
Name of publisher, distributor, etc. IEEE Press ;
Place of publication, distribution, etc. Hoboken, N.J. :
Name of publisher, distributor, etc. Wiley-Interscience,
Date of publication, distribution, etc. c2006.
300 ## - PHYSICAL DESCRIPTION
Extent xvii, 430 p. :
Other physical details ill. ;
Dimensions 25 cm.
505 ## - FORMATTED CONTENTS NOTE
Formatted contents note Part 1:- Recent Advances in Wlans and Multihop Wireless Networks (Page-5) Part 2:- Recent Advances and Research in Sensor Networks (Page-145) Part 3:- Middle ware Application, AND New Paradigms (Page-313).
650 #0 - SUBJECT ADDED ENTRY--TOPICAL TERM
Topical term or geographic name entry element Mobile communication systems.
9 (RLIN) 18556
650 #0 - SUBJECT ADDED ENTRY--TOPICAL TERM
Topical term or geographic name entry element Sensor networks.
9 (RLIN) 94573
650 #0 - SUBJECT ADDED ENTRY--TOPICAL TERM
Topical term or geographic name entry element Telecommunication Engineering
650 #0 - SUBJECT ADDED ENTRY--TOPICAL TERM
Topical term or geographic name entry element Wireless LANs.
9 (RLIN) 94460
700 1# - ADDED ENTRY--PERSONAL NAME
Personal name Shorey, Rajeev.
9 (RLIN) 97519
856 41 - ELECTRONIC LOCATION AND ACCESS
Materials specified Contributor biographical information
Uniform Resource Identifier <a href="http://www.loc.gov/catdir/enhancements/fy0654/2005010792-b.html">http://www.loc.gov/catdir/enhancements/fy0654/2005010792-b.html</a>
856 41 - ELECTRONIC LOCATION AND ACCESS
Materials specified Publisher description
Uniform Resource Identifier <a href="http://www.loc.gov/catdir/enhancements/fy0622/2005010792-d.html">http://www.loc.gov/catdir/enhancements/fy0622/2005010792-d.html</a>
856 41 - ELECTRONIC LOCATION AND ACCESS
Materials specified Table of contents
Uniform Resource Identifier <a href="http://www.loc.gov/catdir/toc/ecip0511/2005010792.html">http://www.loc.gov/catdir/toc/ecip0511/2005010792.html</a>
942 ## - ADDED ENTRY ELEMENTS (KOHA)
Source of classification or shelving scheme
Koha item type Book
Holdings
Withdrawn status Lost status Source of classification or shelving scheme Damaged status Not for loan Permanent Location Current Location Shelving location Date acquired Full call number Barcode Date last seen Price effective from Koha item type Public note
          Military College of Signals (MCS) Military College of Signals (MCS) Reference 12/12/2016 621.3821,MOB MCS32731 12/08/2016 12/12/2016 Reference Almirah No.22, Shelf No.2
© 2023 Central Library, National University of Sciences and Technology. All Rights Reserved.